000 00398nam a2200145Ia 4500
008 151021s9999 xx 000 0 und d
020 _a130434345
050 _aQE 26.2 .P68
245 _a_Earth Science The science Explorer
260 _aNew Jersey Prentice Hall 2001
300 _a807p,;ill
500 _aIncludes index
650 _a_Exploring Planet
980 _a^d20110711 06:54:56^oanne
999 _c7822
_d7822